00393nam a2200169Ia 4500008004000000020001800040041000800058082001700066100001900083245003400102260003700136300000800173650001000181650001200191650001000203650001000213210210b2017 xxu||||| |||| 00| 0 eng d a9789385827617 aeng a954.025 COLG aCOLLIER (Dirk) aGreat mughals and their India aAustraliabHay House Indiac2017 a400 atheir amughals aIndia aGreat